00227nam a2200085Ia 4500008004100000100002400041245002900065260003000094999001700124170620s9999 xx 000 0 und d aNegi- J. S. (Hindi) 0aBhautik Shikshan (Hindi) bAgra- Vinod Pustak Mandir c23631d23631